Statistics for Five Biggest Cities By European Country

Click here to take the quiz!

General Stats

  • This quiz has been taken 7,482 times
    (7,447 since last reset)
  • The average score is 35 of 50

Answer Stats

RankCountryCity% Correct
1United KingdomLondon
100%
1ItalyRome
99%
1GermanyBerlin
98%
1SpainMadrid
98%
1FranceParis
98%
1NetherlandsAmsterdam
97%
2SpainBarcelona
97%
1IrelandDublin
97%
1AustriaVienna
96%
1PolandWarsaw
96%
2ItalyMilan
95%
5SwitzerlandBern
93%
3GermanyMunich
92%
3ItalyNaples
89%
2United KingdomBirmingham
88%
1SwitzerlandZürich
88%
2FranceMarseille
86%
5GermanyFrankfurt
85%
2GermanyHamburg
85%
3FranceLyon
85%
2NetherlandsRotterdam
85%
4United KingdomGlasgow
82%
2SwitzerlandGeneva
79%
2PolandKraków
78%
3United KingdomLeeds
78%
3SpainValencia
77%
4ItalyTurin
75%
4SpainSeville
73%
2IrelandCork
70%
4GermanyCologne
69%
5FranceNice
68%
3NetherlandsThe Hague
68%
4AustriaSalzburg
64%
5ItalyPalermo
57%
4FranceToulouse
51%
5AustriaInnsbruck
48%
3SwitzerlandBasel
46%
5United KingdomSheffield
46%
2AustriaGraz
44%
4NetherlandsUtrecht
41%
3IrelandLimerick
39%
3PolandŁódź
38%
3AustriaLinz
35%
5SpainZaragoza
35%
5NetherlandsEindhoven
34%
4SwitzerlandLausanne
33%
4PolandWrocław
33%
4IrelandGalway
32%
5PolandPoznań
27%
5IrelandWaterford
20%

Score Distribution

Percentile by Number Answered

Percent of People with Each Score

Your Score History

You have not taken this quiz since the last reset